| 000 | 00497nam a2200181Ia 4500 | ||
|---|---|---|---|
| 008 | 240925s9999 xx 000 0 und d | ||
| 020 | _a201877112 | ||
| 082 | _a004.62 WAS | ||
| 100 | _aWashburn, Kevin | ||
| 245 | 0 | _aTCP/IP: running a succesful network | |
| 250 | _aNA | ||
| 260 |
_aHarlow: _bAddison-Wesley _c,1996. |
||
| 300 |
_axviii,582p. _bNA _fOriginal |
||
| 500 | _aIncludes Index | ||
| 600 | _aComputer Science | ||
| 650 | _aComputer science, information & general works | ||
| 942 | _cBK | ||
| 999 |
_c5699 _d5699 |
||